1650 1938 1918 1913 1831 1891 1721 1767 1200 1427 1928 1464 1103 1433 1492 1802 1001 1937 1276 1856 1985 1977 1526 1564 1386 1155 1076 1555 1327 1681 1802 1961 1223 1722 1746 1607 1324 1436 1326 1577 1992 1025 1352 1248 1568 1498 1412 1173 1355 1134 1472 1832 1324 1646 1268 1363 1955 1328 1968 1986 1506 1906 1942 1554 1973 1398 1430 1241 1498 1405 1110 1026 1155 1372 1931 1659 1841 1355 1642 1078 1597 1059 1707 1781 1188 1972 1954 1364 1351 1232 1093 1719 1455 1716 1983 1712 1271 1606 1072 BCNSPRNW ULIB Ver.6.0+V

เปลี่ยนเป็นภาษาไทย

Change to English
 แสดงรายละเอียดบรรณานุกรม
  กลับหน้าหลัก

Brief Record : Get Marc (ISO 2709) : E-mail record : QR code < ปิดหน้าต่าง
LEADER : 00000nam 2200000uu 4500
001    13399127185
003     ULIB
008    191021s2562||||th 000 0 tha d
020 ^  ^a9786168142363
050  0 ^aนว.^bป534ร
100 0  ^aปัณภัส.
245 1  ^aรัก (กรรณ) วันละนิด /^cปัณภัส.
260 ^  ^aกรุงเทพฯ :^bทัช,^c2562.
300 ^  ^a272 หน้า ;^c21 ซม.
945    ^p230^l0^i27877
999    ^aกัณชพร จุลอักษร
รายการนี้ยังไม่มีแท็ก
คุณยังไม่ได้ล็อกอิน คุณสามารถมีกิจกรรมร่วมกับเว็บไซต์ได้ แต่ต้องล็อกอินก่อน ::
  ล็อกอิน

รายการสื่อสารสนเทศ

ลำดับที่ ประเภท เลขเรียก/บาร์โค้ด สถานที่ สถานะ
1. วิทยาศาสตร์การแพทย์ และสุขภาพ
วิทยาศาสตร์การแพทย์ และสุขภาพ
นว. ป534ร ฉ.1 
  Barcode: 27877
ห้องสมุดวิทยาเขตนครสวรรค์
►นวนิยาย:l:Fiction
บนชั้น

รายการใกล้เคียง
    ผู้แต่ง [ปัณภัส.]

BibComment


ยังไม่เคยถูกคอมเมนท์

คอมเมนท์ทรัพยากรรายการนี้
  คอมเมนท์: รัก กรรณ วันละนิ..


 Copyright 2026. Bcnsprnw @Library